Reise nach der Süd See und denem Kusten von Chili, Peru und Brasilien
Uloženo v:
| Hlavní autor: | |
|---|---|
| Médium: | Kniha |
| Jazyk: | němčina |
| Vydáno: |
Hamburgo
Thomas von Wierings Erden
1718
|
| Vydání: | 3a. ed |
| Témata: | |
| Tagy: |
Přidat tag
Žádné tagy, Buďte první, kdo vytvoří štítek k tomuto záznamu!
|
MARC
| LEADER | 00000nam a2200000 a 4500 | ||
|---|---|---|---|
| 001 | UCJ8321 | ||
| 003 | CL-VaPUC | ||
| 008 | 070124e17180000GW |||||||||||||||||ger|d | ||
| 082 | 0 | 4 | |a 910.4 |b FRE |2 21 |
| 100 | 0 | |a Frezier, Amadeo Francisco |e author |9 517096 | |
| 245 | 1 | 0 | |a Reise nach der Süd See und denem Kusten von Chili, Peru und Brasilien |
| 250 | |a 3a. ed | ||
| 300 | |a 416 p | ||
| 942 | |c BK | ||
| 945 | |d 20070124 00:00:00 |a rinostro | ||
| 260 | |a Hamburgo |b Thomas von Wierings Erden |c 1718 | ||
| 500 | |a 8§, media pasta.- Front.: escena indígena.- Portada a dos tintas.- 10 láminas; las número 8 y 9 en colores. Se encuentra junto a las versiones francesa e inglesa de la misma obra | ||
| 650 | 0 | |a Viajes |9 257115 | |
| 650 | 0 | |a Expediciones científicas |9 265222 | |
| 650 | 0 | |a Mapas |9 260844 | |
| 650 | 0 | |a Ilustraciones |9 369481 | |
| 583 | |a last modification |c 20070124 00:00:00 |k Rodrigo Vera | ||
| 999 | |c 324090 |d 324088 | ||
| 952 | |0 0 |1 0 |4 0 |6 910_400000000000000_FRE_1718 |7 0 |8 X |9 403996 |a FDOBUD |b FDOBUD |d 2019-11-22 |i 1075918 |o 910.4 FRE 1718 |p 1075918 |r 2019-11-22 |w 2019-11-22 |y BK_X |k BUD | ||